00345 a2200109 4500001001000000005001700010008004100027245007000068100001700138773006300155999001700218ART_4724620260410162012.0260409a 10aCuatro tesis acerca de una gestión pública nacional y popular1 aCao, Horacio0 tRealidad económicag- Nº 260 (mayo/jun. 2011)wREV39723 c32330d32330